LIBRARY & INFORMATION CENTRE, KCAET, TAVANUR

ONLINE PUBLIC ACCESS CATALOGUE (OPAC)

Economic research for small industries development / (Record no. 11410)

MARC details
000 -LEADER
fixed length control field 00522cam a2200205ua 4500
041 ## - LANGUAGE CODE
Language code of text/sound track or separate title eng
082 ## - DEWEY DECIMAL CLASSIFICATION NUMBER
Classification number 338.642
Item number NAN/EC
100 ## - MAIN ENTRY--AUTHOR NAME
Personal name Nanjundan, S .
245 ## - TITLE STATEMENT
Title Economic research for small industries development /
250 ## - EDITION STATEMENT
Edition statement 1 /
260 ## - PUBLICATION, DISTRIBUTION, ETC. (IMPRINT)
Place of publication Mumbai :
Name of publisher Asia Publishing House ,
Year of publication 1962.
300 ## - PHYSICAL DESCRIPTION
Number of Pages 316 ; .
700 1# - ADDED ENTRY--PERSONAL NAME
Personal name Robison, H E .
700 1# - ADDED ENTRY--PERSONAL NAME
Personal name Staley, Eugene .
942 ## - ADDED ENTRY ELEMENTS (KOHA)
Koha item type Books
Holdings
Withdrawn status Lost status Damaged status Home library Current library Date acquired Full call number Accession Number Koha item type
Withdrawn     KAUAET Sanskrit University 07/04/2012 338.642 9787 Books
free website counter